000 00319nam a2200145Ia 4500
999 _c14296
_d14296
003 OSt
005 20260316161932.0
008 260210s9999 xx 000 0 und d
020 _a9781959851738
082 _a696.1
100 _aICC
245 0 _a2024 International Plumbing Code
260 _bICC
942 _cUG
_2ddc